000
00283nam a2200109Ia 4500
008
220204s9999 xx 000 0 und d
082
_a
065
_b
CHA
100
_a
Chandler, Barbara
245
0
_a
Home links: How to save time and money
260
_a
Delhi
_b
Pustak Mahal
_c
1983
942
_c
BK
999
_c
38437
_d
38437